Why Marshall was right about Ricardo.

Hodnota Marshallovej obhajoby publikácie D. Ricarda "Základy politickej ekonómie" - ocenenie Ricardovej teórie o koordinácii decentralizovaných ekonomických aktivít. Ricardova teória dopytu. Analýza "ponuka - dopyt" a cenové náklady. Pracovná teória hodnoty. Otázka variabilných alebo fixných priemer...

ver descrição completa

Na minha lista:
Detalhes bibliográficos
Autor principal: Hollander, Samuel
Formato: Capítulo de Livro
Idioma:inglês
Assuntos:
Tags: Adicionar Tag
Sem tags, seja o primeiro a adicionar uma tag!

MARC

LEADER 00000naa a2200000 4500
001 r004401
005 20221130103200.6
041 0 |a eng 
044 |a NL 
245 1 0 |a Why Marshall was right about Ricardo.  |c S. Hollander 
520 |a Hodnota Marshallovej obhajoby publikácie D. Ricarda "Základy politickej ekonómie" - ocenenie Ricardovej teórie o koordinácii decentralizovaných ekonomických aktivít. Ricardova teória dopytu. Analýza "ponuka - dopyt" a cenové náklady. Pracovná teória hodnoty. Otázka variabilných alebo fixných priemerných miezd. 
610 2 0 |a Ricardo, D. 
610 2 0 |a ekonómia politická klasická 
610 2 0 |a dopyt 
610 2 0 |a ponuka 
610 2 0 |a náklady 
610 2 0 |a teória hodnoty pracovná 
610 2 0 |a mzdy priemerné 
610 2 0 |a Marshall, A. 
100 1 |a Hollander, Samuel